| 000 | 00612nam a2200241 a 4500 | ||
|---|---|---|---|
| 001 | nice12345678 | ||
| 003 | IN_TiNIC | ||
| 005 | 20260116012759.0 | ||
| 008 | 050524s1968 newa grp 000 0 eng | ||
| 020 |
_a _c100 |
||
| 082 | 0 | 0 |
_a200.1 _bYIN |
| 100 | _aYinger J, Milton | ||
| 245 | _aReligion, Society and the Individual. | ||
| 260 |
_aNew York _bMacmillan Company _c1968 |
||
| 300 | _a655p | ||
| 500 | _aincludes index and biblioraphy | ||
| 505 | 2 | _aBibliography, Subject Index. | |
| 650 | _aReligion-Sociology | ||
| 700 | 1 | _aYinger J, Milton | |
| 902 | _bSRS | ||
| 942 | _cBK | ||
| 999 |
_c8334 _d8334 |
||